书目信息 |
| 题名: |
大哥
|
|
| 作者: | 王十月 著 | |
| 分册: | ||
| 出版信息: | 北京 中国社会出版社 2009.02 |
|
| 页数: | 242页, [2] 页图版 | |
| 开本: | 23cm | |
| 丛书名: | ||
| 单 册: | ||
| 中图分类: | I247.57 | |
| 科图分类: | ||
| 主题词: | 长篇小说--chang pian xiao shuo--中国--现代 , 中篇小说--zhong pian xiao shuo--中国--现代 | |
| 电子资源: | ||
| ISBN: | 978-7-5087-2424-9 | |
| 000 | 00974nam0 2200241 450 | |
| 001 | 012009039127 | |
| 005 | 20090916191129.45 | |
| 010 | @a978-7-5087-2424-9@dCNY20.00 | |
| 100 | @a20090916d2009 em y0chiy0120 ea | |
| 101 | 0 | @achi |
| 102 | @aCN@b110000 | |
| 105 | @aacf z 000yy | |
| 106 | @ar | |
| 200 | 1 | @a大哥@Ada ge@f王十月著@Fwang shi yue zhu |
| 210 | @a北京@c中国社会出版社@d2009.02 | |
| 215 | @a242页, [2] 页图版@c图, 肖像@d23cm | |
| 330 | @a《大哥》以上世纪80年代的乡村和90年代的城市变迁为背景,以大哥王中秋的成长与命运转变为主线,以”我“ (王红兵)、西狗、刘小手、阿标等一群生于70年代的乡村青年的成长为辅线,生动地描写了改革开放30年前后,农民离开土地努力融入城市的过程中所遭遇的失落、痛苦、迷茫、梦想与欢乐。 | |
| 606 | 0 | @a长篇小说@Achang pian xiao shuo@y中国@z现代 |
| 606 | 0 | @a中篇小说@Azhong pian xiao shuo@y中国@z现代 |
| 690 | @aI247.57@v4 | |
| 701 | 0 | @a王十月@Awang shi yue@4著 |
| 801 | 0 | @aCN@bQSSK@c20090916 |
| 905 | @b752054-56@dI247.57@eW348@f3 | |
| 大哥/王十月著.-北京:中国社会出版社,2009.02 |
| 242页, [2] 页图版:图, 肖像;23cm |
| ISBN 978-7-5087-2424-9:CNY20.00 |
| 《大哥》以上世纪80年代的乡村和90年代的城市变迁为背景,以大哥王中秋的成长与命运转变为主线,以”我“ (王红兵)、西狗、刘小手、阿标等一群生于70年代的乡村青年的成长为辅线,生动地描写了改革开放30年前后,农民离开土地努力融入城市的过程中所遭遇的失落、痛苦、迷茫、梦想与欢乐。 |
| ● |
| 相关链接 |
|
|
|
正题名:大哥
索取号:I247.57/W348
 
预约/预借
| 序号 | 登录号 | 条形码 | 馆藏地/架位号 | 状态 | 备注 |
| 1 | 752054 | 207520547 | 文学库108/108文学库 52排2列4层/ [索取号:I247.57/W348] | 在馆 | |
| 2 | 752055 | 207520556 | 文学库108/108文学库 52排2列4层/ [索取号:I247.57/W348] | 在馆 | |
| 3 | 752056 | 207520565 | 社科二线400B/400B社科库 5排3列1层/ [索取号:I247.57/W348] | 在馆 |